100 Canon Jedi - Statistics

General Stats
  • This quiz has been taken 41 times
  • The average score is 26 of 100
Answer Stats
Hint Answer % Correct
high ground merchant Obi-Wan Kenobi
88%
grandmaster on ket Yoda
85%
big black man who likes windows Mace Windu
82%
Torgruta Padawan Ahsoka Tano
73%
Rizzler psychopath council member Ki-Adi Mundi
73%
best council member, kel dor Plo Koon
73%
Not granted the rank of master Anakin Skywalker
70%
"I will find you, and I will kill you" (other film by him) Qui-Gon Jinn
70%
random farmer Luke Skywalker
67%
Human Padawan, from Lothal Ezra Bridger
64%
goat Nautolan council member Kit Fisto
64%
GOAT on Geonosis, Council Member, Jedi Master Coleman Trebor
61%
Resident Temple Terrorist Barriss Offee
58%
Togruta council member, killed in many different media in different ways Shaak Ti
58%
twi'lek female jedi master, dies on felucia Aayla Secura
55%
Kiffar, got his own book, dynamic with Ventress Quinlan Vos
55%
killed in tales of the jedi Yaddle
52%
Zabrak, Survives Order 66, joins the church then dies to Vader Eeth Koth
48%
Librarian, jedi master Jocasta Nu
48%
muslim Luminara Unduli
48%
one shot by palps Saesee Tiin
48%
fallen order Cal Kestis
45%
Thisspiasian hair snake council member Oppo Rancisis
45%
Insta killed by Palps in the senate Agen Kolar
42%
One of the Rebels goats, ghost crew Caleb Dume
42%
Citadel goat, Lannik Jedi Master Even Piell
42%
Nikto Jedi Master, he dies (shock!) Ima-Gun Di
42%
Mon Calamari Jedi Knight, killed by Grievous Nahdar Vebb
42%
made the clones Sifo-Dyas
42%
Tholothian Female Jedi Master, cousin of another here, high council member, killed by Savage Adi Gallia
39%
Han's canon son Ben Solo
39%
Caleb's master, Windu's pupil Depa Billaba
39%
cousin of council member, took her seat when she died, dies on Saleucami Stass Allie
39%
clone wars, ringo vinda incident Tiplar
36%
fallen order Cere Junda
33%
Wookie Youngling Gungi
33%
clone wars, ringo vinda incident Tiplee
33%
Goated council member, triangle face, Ongree Jedi Master Coleman Kcaj
30%
bum from the sequels, palpatine Rey Skywalker
30%
Pau'an Temple guard Grand Inquisitor
27%
Roonan Jedi Master killed by Savage on Devaron Halsey
27%
cosian old gramps master Tera Sinube
27%
was a jedi before becoming a sith assassin Asajj Ventress
24%
Rodian Jedi Master, captured by Cad Bane Bolla Ropal
24%
baddie from rebels Sabine Wren
24%
Padawan who thought he had aura during Operation Knightfall, killed infront of Bail Organa Zett Jukassa
24%
archaeologist who taught the previous person Eno Cordova
21%
fallen order Jaro Tapal
21%
Nautolan Jedi Padawan, killed by Savage Opress Knox
21%
Second Sister Trilla Suduri
21%
RIP Ray Stevenson, interesting character Baylan Skoll
18%
Skrilling Jedi Master, killed by Cad Bane Ord Enisence
18%
First battle of Geonosis, triangle head, Ongree? Pablo-Jill
18%
Sacrifices himself to prevent a terrorist attack Yarael Poof
18%
Human Padawan, killed by KFV Bene
15%
Nick Gillard, Temple Battlemaster Cin Drallig
15%
Force-sensitive human male who once served as a Jedi Knight Bode Akuna
12%
Human Jedi youngling Kalifa
12%
Mandalorian Tarre Vizsla
12%
Human Female Jedi Knight, on first Battle of Geonosis Bultar Swan
9%
Iktotchi Padawan, Vader comics, Invasion of Mon Cala Ferren Barr
9%
Fearless Human Jedi Initiate, Clone Wars Petro
9%
Human Jedi padawan, dies first battle of Geonosis Tan Yuster
9%
Quinlan's master Tholme
9%
Rodian Jedi Initiate, Fought against Hondo Ganodi
6%
Twi'lek Padawan, freed by Ahsoka Jinx
6%
Tholothian Jedi Initiate, clone wars, fought Hondo Katooni
6%
Barash Vow, Vader Comics Kirak Infil'a
6%
Human Jedi Youngling, name a reference to SW Actor Liam
6%
Weequay Jedi Master who served within the Jedi Order and trained a lot of students during the Separatist Crisis Sora Bulq
6%
Nautilan Jedi Initiate, Clone Wars Zatt
6%
Togruta Youngling Ashla
3%
Human Padawan, first battle of geonosis Bairdon Jace
3%
Male Nikto Jedi Knight, on first Battle of Geonosis Fi-Ek Sirch
3%
Female Twi'lek Jedi Knight, killed by Maul and Savage Finn Ertray
3%
Whiphid Youngling, AOTC, Bear clan Jempa
3%
Male Human Jedi Knight, on first Battle of Geonosis, gave Anakin his spare lightsaber Nicanas Tassu
3%
Male Weequay Jedi Knight, on first Battle of Geonosis Que-Mars Redath-Gom
3%
Depa's sister, killed on Geonosis Sar Labooda
3%
Human male Jedi Knight, on first Battle of Geonosis, gave Kenobi his lightaber Sephjet Josall
3%
male Klatooinian Jedi Master that was part of the Jedi assault team during the Battle of Geonosis Sta-Den Eekin
3%
Human Jedi padawan Whie Malreaux
3%
Mahran Male Jedi Knight Akar-Deshu
0%
Ithorian Youngling, Clone Wars Byth
0%
Statue in Force Awakens, Old Jedi Cherff Maota
0%
Twi'lek Padawan, Maul Comics Eldra Kaitis
0%
is actually canon, badass dark lord from centuries ago Exar Kun
0%
??? Padawan, first battle of geonosis Galdos Stouff
0%
male Kadas'sa'Nikto Jedi Master, gender contradicts the name J'oopi She
0%
Unknown Jedi Master in clone wars Kep-She
0%
female human jedi master on first battle of geonosis Khaat Qiyn
0%
Human Jedi Youngling, AOTC, Bear clan Lexa Tcheil
0%
Nikto Jedi Master, you won't be able to spell his name Ma'kis'shaalas
0%
Human Jedi Youngling, AOTC, Bear clan Mari Amithest
0%
Human Jedi Master, Insane moustache Melik Galerha
0%
female Devaronian Jedi Knight Rissa Mano
0%
Ithorian Jedi Master, killed by Grievous Roron Corobb
0%
Twi'lek youngling, friends with Caleb Sammo Quid
0%
Human Jedi youngling, AOTC Saylind Donels
0%
Human Jedi youngling, friends with Caleb Tai Uzuma
0%
No matching quizzes found
Score Distribution
Percent of People with Each Score
Percentile by Number Answered
Your Score History
You have not taken this quiz